| 000 | 01438nam a2200361 a 4500 | ||
|---|---|---|---|
| 001 | vtls001998892 | ||
| 003 | NLI | ||
| 005 | 20210630151817.0 | ||
| 008 | 180515 2009 ii 000 0 eng d | ||
| 020 | _cRs.120/- (pbk) | ||
| 039 | 9 |
_a201808041641 _bvirupakshbh _y201805151610 _zshrutik |
|
| 040 | 9 |
_aNLI _cKan _eAACR-2 |
|
| 041 | _aKan | ||
| 044 | _aii | ||
| 082 | 0 | 4 |
_a320 _222 |
| 100 | 1 |
_6880-01 _aಭುವನೇಶ್ವರ ಪ್ರಸಾದ, ಎಂ.ಪಿ. _9848203 |
|
| 245 | 1 |
_6880-02 _aಪ್ರಮುಖ ರಾಜಕೀಯ ಸಿದ್ಧಾಂತಗಳು/ _cಎಂ.ಪಿ. ಭುವನೇಶ್ವರ ಪ್ರಸಾದ್ |
|
| 246 |
_aPramukha rajakiya siddhantagalu _cM.P.Bhuvaneswara Prasad |
||
| 260 |
_aಬೆಂಗಳೂರು : _bದಾಮಿನಿ ಸಾಹಿತ್ಯ , _c2007 |
||
| 300 |
_a200p.; _c21cm. |
||
| 650 | 0 |
_aPolitical sciene _91336518 |
|
| 650 | 0 |
_aPolitics _9738649 |
|
| 880 | 1 |
_6100-01 /(B _aBhuvanēsvara Prasād,M.P |
|
| 880 | 1 |
_6245-02 /(B _aPramukha rājakīya siddhantagalu / _cM.P. Bhuvanēśvara Prasād |
|
| 887 | _ashruti viru | ||
| 901 |
_aKan 42140 _b2/9/2009 |
||
| 902 | _aKan 320 Bh 765pr | ||
| 904 | _ashruti | ||
| 905 | _aviru | ||
| 949 |
_AVIRTUAITEM _D10009 _X100 _6DBA000042140KAN _aKan 320 Bh 765pr _eKan 42140 |
||
| 942 |
_2ddc _cBKS |
||
| 999 |
_aVIRTUA40 _c1419087 _d1419087 |
||
| 999 | _aVTLSSORT0080*0200*0400*0410*0440*0820*1000*2450*2460*2600*3000*6500*6501*8800*8801*9010*9020*9040*9050*9992 | ||